The international state : Crafting a statewide trade development system (Record no. 11125)
[ view plain ]
| 000 -LEADER | |
|---|---|
| fixed length control field | 00305nam a22001217a 4500 |
| 040 ## - CATALOGING SOURCE | |
| Transcribing agency | HS |
| 082 ## - DEWEY DECIMAL CLASSIFICATION NUMBER | |
| Classification number | 382 CAR 1996 C089 |
| 100 ## - MAIN ENTRY--AUTHOR NAME | |
| Personal name | CAROL CONWAY |
| 245 ## - TITLE STATEMENT | |
| Title | The international state : Crafting a statewide trade development system |
| 260 ## - PUBLICATION, DISTRIBUTION, ETC. (IMPRINT) | |
| Place of publication | NA |
| Name of publisher | CAROL CONWAY |
| Year of publication | 1996 |
| 300 ## - PHYSICAL DESCRIPTION | |
| Number of Pages | 156p; |
| 942 ## - ADDED ENTRY ELEMENTS (KOHA) | |
| Koha item type | សៀវភៅភាសាអង់គ្លេស |
| 952 ## - LOCATION AND ITEM INFORMATION (KOHA) | |
| Withdrawn status [LOCAL, KOHA] | 0 |
| Permanent Location | Date acquired | Koha item type | Lost status | Shelving location | Barcode | Current Location | Full call number |
|---|---|---|---|---|---|---|---|
| Library Block C | 2017-02-17 | សៀវភៅភាសាអង់គ្លេស | C187 | A06422 | Library Block C | 382 CAR 1996 C187 |